000 00573nam a2200181Ia 4500
008 090123s9999 xx 000 0 und d
082 _b40748
100 _aनरवणे सुधा
245 _aअभिमानान सांगेन
250 _a1
260 _bनिशिगंधा प्रकाशन
_c2007
300 _a216
600 _aनरवणे सुधा
630 _aअभिमानान सांगेन
700 _aनरवणे सुधा
730 _aअभिमानान सांगेन
942 _cBOOK
999 _c78823
_d78823